000
00199 a2200097 4500
001
29459
100
_a
Harper
245
_a
Management Accounting
260
_a
_b
Macdonald
_c
090
_c
19647
_d
19647
942
_a
NUST-CAE
_c
M
_c
10721
999
_c
264532
_d
264532